|
|
|
|
| LEADER |
01206nam a2200229 a 4500 |
| 001 |
GR-MES34 |
| 008 |
991111s1987 it 000 b gre d |
| 020 |
|
|
|a 9251025568
|
| 040 |
|
|
|a GrPaTEI
|b gre
|c GR-PaULI
|
| 245 |
0 |
0 |
|a Water quality criteria for European freshwater fishes :
|b Revised report on compined effects on freshwater fish and other aquatic life of mixtures of toxicants in water.
|
| 260 |
|
|
|a Rome :
|b Food and Agriculture Organization of the United Nations,
|c 1987 c1987
|
| 300 |
|
|
|a xii, 86σελ. :
|b πιν.
|
| 490 |
1 |
|
|a EIFAC Technical Paper:37
|
| 650 |
|
4 |
|a Ιχθυοκαλλιέργειες
|
| 650 |
|
4 |
|a Ιχθυοκαλλιέργειες-Γλυκό νερό
|
| 710 |
0 |
|
|a Food and Agriculture Organization of the United Nations
|
| 710 |
2 |
|
|a European Inland Fisheries Advisory Comission
|
| 830 |
|
0 |
|1 0015436
|1 2001
|a Οι θρησκείες (Odon Vallet) ;
|v [Μετάφραση: Ιάκωβος Μαντάς]
|
| 942 |
|
|
|2 ddc
|
| 952 |
|
|
|0 0
|1 0
|2 ddc
|4 0
|6 639_310000000000000_SAN
|7 0
|9 263280
|a MSLG
|b MSLG
|c BSC
|d 2021-01-17
|e 24
|f 0
|g 0.00
|l 0
|o 639.31 SAN
|p 2420000000633
|r 2021-01-17 00:00:00
|t 1
|w 2021-01-17
|y BK15
|x 19991111 0 1
|x GrPaTEI
|
| 971 |
|
|
|a .b25710758
|b 15-04-20
|c 13-09-16
|
| 999 |
|
|
|c 151531
|d 151531
|